|
|
|
|
| LEADER |
00000cam a2200000 7i4500 |
| 001 |
0000278201 |
| 005 |
20240403130431.0 |
| 006 |
a ###g ### |
| 007 |
ta |
| 008 |
211004s2018 ua eng |
| 020 |
|
|
|a 9781947458222
|
| 040 |
|
|
|a MBPJ
|b eng
|c MBPJ
|e rda
|
| 090 |
0 |
0 |
|a 794.8
|b ARB
|
| 100 |
1 |
|
|a Arbona, Alejandro ,
|e author
|
| 245 |
1 |
0 |
|a AWESOME ,MINDS :
|b VIDEO GAME CREATORS
|c by Alejandro Arbona ; art by Chelsea O'Mara
|
| 264 |
|
0 |
|a Baltimore, MD :
|b Duo Press
|c [2018]
|
| 300 |
|
|
|a 176 pages ;
|c 21 cm.
|
| 336 |
|
|
|a text
|2 rdacontent
|
| 337 |
|
|
|a unmediated
|2 rdamedia
|
| 338 |
|
|
|a volume
|2 rdacarrier
|
| 650 |
|
0 |
|a Video game designers
|v Biography
|v Juvenile literature
|
| 650 |
|
0 |
|a Video games
|x History
|v Juvenile literature
|
| 700 |
1 |
|
|a O'Mara, Chelsea ,
|e illustrator
|
| 999 |
|
|
|a 00391410
|b BUKU
|c PINJAMAN
|e PERPUSTAKAAN KOMUNITI PETALING JAYA
|